Saved in:
| Format: | Book |
|---|---|
| Language: | English |
| Tags: |
Add Tag
No Tags, Be the first to tag this record!
|
| Call Number : | HQ759 .S528 1999 |
MARC
| LEADER | 00000nam a2200000 a 4500 | ||
|---|---|---|---|
| 001 | 29662 | ||
| 003 | MY-KLNDU | ||
| 005 | 20241218082902.0 | ||
| 008 | 100119 000 0 eng d | ||
| 020 | |a 9789830982076 | ||
| 039 | 9 | |y 201001191557 |z faizin | |
| 090 | |a HQ759 |b .S528 1999 | ||
| 999 | |a vtls000040243 |c 29662 |d 29662 | ||


